000 01023nas a2200325 4500
001 BR0703293
003 BR-BrBNA
005 20231205110845.0
007 ta
008 230509b bl.|||p| |||| 00| 00por d
040 _aBR-BrBNA
_bpor
_cBiblioteca Nacional de Agricultura
041 _a(Pt)
072 _aL10; U10
100 1 _aCarneiro, P.L.S.
100 1 _aMalhado, C.H.M.
100 1 _aEuclydes, R.F.
100 1 _aCarneiro, A.P.S.
100 1 _aCunha, E.E.
245 1 _aEndogamia, fixação de alelos e limites de seleção em populações selecionadas por métodos tradicionais e associados e marcadores moleculares
650 _aREBANHO
650 _aENDOGAMIA
650 _aALELO
650 _aSELEÇÃO GENÉTICA
650 _aMARCADOR MOLECULAR
650 _aACASALAMENTO
650 _aSIMULAÇÃO
773 0 _tRevista Brasileira de Zootecnia (Brazil)
_xISSN 1516-3598
_g(Mar-Apr 2007), v. 36(2) p. 369-375
_wBR0703293
909 _a202311
_bLúcia
_c55
_dLúcia Elande
942 _2AGRIS
_n0
_cANA
999 _c189443
_d189443